000 00519nam a2200193Ia 4500
008 210417s9999 xx 000 0 und d
020 _a9781788823036
020 _b1788823036
082 _a338.4791 FUL
082 _b22.338.4791 FUL
245 0 _aCultural and heritage tourism
245 0 _cCultural and heritage tourism
250 _b"xiv, 316 p. : ill. ; 24 cm., hbk."
260 _aUnited Kingdom
260 _bED - Tech Press
260 _c2018
700 _a"Fuller, Acqwon"
700 _bAcqwon Fuller
999 _c487314
_d487314